[Event "It (cat.7)"]
[Site "masterchessopen.com - Vrnjacka Banja (Serbia)"]
[Round "0"]
[White "Djukic Zeljko (SRB)"]
[Black "Cabrilo Goran (SRB)"]
[Result "1/2-1/2"]
[WhiteElo "2380"]
[BlackElo "2425"]

1.d4 Nf6 2.c4 e6 3.Nf3 c5 4.d5 exd5 5.cxd5 d6 6.Nc3 g6 7.e4 Bg7 8.Nd2 O-O
9.Be2 Re8 10.O-O Na6 11.Kh1 Nc7 12.f3 Rb8 13.a4 b6 14.Nc4 Ba6 15.Bg5 h6 16.Be3
Bxc4 17.Bxc4 a6 18.Qd3 Qc8 19.Rab1 Nd7 {#d} 1/2-1/2

[Event "Ch Cleveland"]
[Site "masterchessopen.com - Farum (Denmark)"]
[Round "1"]
[White "Brondum Eric (DEN)"]
[Black "Horvath Tamas I (HUN)"]
[Result "1/2-1/2"]
[WhiteElo "2140"]
[BlackElo "2318"]

1.d4 Nf6 2.c4 e6 3.Nf3 c5 4.d5 exd5 5.cxd5 d6 6.Nc3 g6 7.e4 Bg7 8.Be2 O-O
9.O-O Re8 10.Nd2 Na6 11.Re1 Nc7 12.a4 a6 13.a5 Bd7 14.Bf3 Bb5 15.Na4 Qe7
16.Nb6 Rad8 17.Nf1 Na8 18.Nxa8 Rxa8 19.Bg5 Qf8 20.Qc2 Nd7 21.Ne3 h6 22.Bh4 Bd4
23.Nc4 Bxc4 24.Qxc4 Ne5 25.Qc2 f5 26.exf5 Nxf3+ 27.gxf3 Qxf5 28.Qxf5 gxf5
29.Bg3 Bxb2 30.Rxe8+ Rxe8 31.Rb1 Re2 32.Kf1 Rc2 33.Bxd6 c4 34.Bf4 Kf7 35.d6
Ke8 36.Re1+ Kd8 37.Re7 Ba3 38.Rxb7 Rb2 39.Rc7 Rb5 40.Rxc4 Rxa5 {#d} 1/2-1/2

[Event "It (cat.14)"]
[Site "masterchessopen.com - London (England)"]
[Round "0"]
[White "Portisch Lajos (HUN)"]
[Black "Nunn John D M (ENG)"]
[Result "0-1"]
[WhiteElo "2625"]
[BlackElo "2565"]

1.d4 Nf6 2.c4 c5 3.d5 e6 4.Nc3 exd5 5.cxd5 d6 6.e4 g6 7.Nf3 Bg7 8.Be2 O-O
9.O-O Re8 10.Nd2 Na6 11.Kh1 Rb8 12.f3 Nc7 13.a4 b6 14.Nc4 Ba6 15.Bg5 Qd7 16.b3
Nh5 17.Rc1 f6 18.Be3 f5 19.g4 Bxc4 20.bxc4 fxg4 21.fxg4 Nf6 22.Bf3 Qe7 23.Bg5
h6 24.Bh4 g5 25.Be1 Rf8 26.Bg2 Nd7 27.Rxf8+ Rxf8 28.Ne2 Be5 29.Qd3 Ne8 30.Bd2
Qg7 31.Rf1 Rxf1+ 32.Bxf1 Qf7 33.Kg2 Nef6 34.h3 Qg6 35.Nc3 Bxc3 36.Bxc3 Qxe4+
37.Qxe4 Nxe4 38.Be1 Ne5 39.Be2 Kf7 40.Bf3 Nf6 41.Be2 Ng6 42.Bf1 h5 43.gxh5
Nxh5 44.Kf3 Ne5+ 45.Ke4 Kg6 46.Be2 Nf6+ 47.Ke3 Kf5 48.Bc3 a6 49.Be1 g4
50.hxg4+ Nfxg4+ 51.Kd2 Ke4 52.Kc3 Ke3 53.Bd1 Nf3 54.Bg3 Nf2 55.Bc2 Ng5 56.Kb2
Nge4 57.Bh4 Kd4 58.Bb3 Nd3+ 59.Ka3 Ne5 {#R} 0-1

[Event "Memorial J.Capablanca (a)"]
[Site "masterchessopen.com - Habana (Cuba)"]
[Round "0"]
[White "Vilela Jose Luis (CUB)"]
[Black "Estevez Guillermo (CUB)"]
[Result "1/2-1/2"]
[WhiteElo "2440"]
[BlackElo "2395"]

1.d4 Nf6 2.c4 e6 3.Nf3 c5 4.d5 exd5 5.cxd5 g6 6.Nc3 Bg7 7.e4 O-O 8.Be2 d6
9.O-O Re8 10.Nd2 Na6 11.Kh1 Nc7 12.a4 a6 13.f3 Rb8 14.a5 b5 15.axb6 Rxb6
16.Nc4 Rb4 17.Bd2 Rb7 18.Ra2 Rb8 19.Bf4 Bf8 20.Qd2 Nh5 21.Bg5 f6 22.Be3 Nb5
23.Na5 Bd7 24.Nc6 Bxc6 25.dxc6 Rb6 26.Bxb5 axb5 27.c7 Qxc7 28.Rfa1 Rb7 29.Bf2
Qf7 {#d} 1/2-1/2

[Event "Ch Australia"]
[Site "masterchessopen.com - Australia"]
[Round "0"]
[White "West Guy (AUS)"]
[Black "Levi Eddy (AUS)"]
[Result "0-1"]
[WhiteElo "2323"]
[BlackElo "2154"]

1.d4 Nf6 2.Nf3 c5 3.d5 e6 4.c4 exd5 5.cxd5 d6 6.Nc3 g6 7.e4 Bg7 8.Be2 O-O
9.O-O Re8 10.Nd2 Na6 11.Re1 Rb8 12.Bf1 Ng4 13.h3 Nxf2 14.Kxf2 Bd4+ 15.Re3 Qh4+
16.Ke2 Bxe3 17.Kxe3 f5 18.Nf3 Qe7 19.e5 dxe5 20.d6 Qg7 21.Bb5 Bd7 22.Qd5+ Kh8
23.Bxd7 Qxd7 24.Kf2 Nb4 25.Nxe5 Qg7 26.Nf7+ Kg8 27.Nh6+ Kf8 28.Qc4 Qd4+
29.Qxd4 cxd4 30.Nb5 Nd3+ 31.Kg3 Re1 32.Nxd4 Nxc1 33.Kh4 Rd8 34.Rxc1 Rxc1
35.Ne6+ Ke8 36.Nxd8 Kxd8 37.Kg5 Kd7 38.Nf7 Ke6 39.Nd8+ Kxd6 40.Nxb7+ Ke6 41.g3
Kf7 42.a4 Rc2 43.b4 Rb2 44.Nd8+ Kg7 45.Ne6+ Kg8 46.b5 Rb3 47.g4 Rxh3 48.gxf5
Rh5+ 49.Kg4 Rxf5 50.Nd4 Rc5 {#R} 0-1

[Event "Bundesliga 1984/85"]
[Site "masterchessopen.com - Germany"]
[Round "0"]
[White "Hertneck Gerald (GER)"]
[Black "Klein Sabine (GER)"]
[Result "1-0"]
[WhiteElo "2410"]
[BlackElo "1907"]

1.d4 Nf6 2.c4 c5 3.d5 e6 4.Nc3 exd5 5.cxd5 d6 6.e4 g6 7.Nf3 Bg7 8.Be2 O-O
9.O-O Re8 10.Nd2 Na6 11.Re1 Nc7 12.a4 b6 13.h3 Rb8 14.Bf1 a6 15.Rb1 b5 16.axb5
axb5 17.b4 Nd7 18.Bb2 Ne5 19.bxc5 dxc5 20.Nxb5 Nxb5 21.Bxe5 Rxe5 22.Bxb5 Bd7
23.Bxd7 Rxb1 24.Qxb1 Qxd7 25.Qb6 Bf8 26.Nc4 Re8 27.d6 Rc8 28.e5 Qe6 29.Rd1
{#r} 1-0

[Event "It (cat.8)"]
[Site "masterchessopen.com - Calcutta (India)"]
[Round "28"]
[White "Vaidya Arun B (IND)"]
[Black "Agzamov Georgy T (RUS)"]
[Result "1/2-1/2"]
[WhiteElo "2340"]
[BlackElo "2545"]

1.d4 Nf6 2.c4 e6 3.Nf3 c5 4.d5 exd5 5.cxd5 d6 6.Nc3 g6 7.e4 Bg7 8.Be2 O-O
9.O-O Re8 10.Nd2 Na6 11.Rb1 Nc7 12.f3 a6 13.a4 Rb8 14.a5 Bd7 15.Nc4 Bb5 16.Bg5
Bxc4 17.Bxc4 Qd7 18.Na4 Na8 19.b3 b5 20.axb6 Nxb6 21.Nxb6 Rxb6 22.Qd3 Ra8
23.Ra1 Qc8 24.Ra5 {#d} 1/2-1/2

[Event "Oberliga NRW 1986/87"]
[Site "masterchessopen.com - Germany"]
[Round "0"]
[White "Scheffner Axel Dr (GER)"]
[Black "Mazurkiewicz Kazimie (GER)"]
[Result "1/2-1/2"]
[WhiteElo "2305"]
[BlackElo "2096"]

1.d4 Nf6 2.c4 e6 3.Nc3 c5 4.d5 exd5 5.cxd5 d6 6.e4 g6 7.Nf3 Bg7 8.Be2 O-O
9.O-O Re8 10.Nd2 Na6 11.Re1 Nc7 12.h3 Rb8 13.a4 b6 14.Qc2 a6 15.b3 b5 16.Bb2
Bh6 17.Bf3 Nd7 18.Nd1 Ne5 19.Ne3 Qh4 20.Bd1 Qg5 21.Kh1 Bd7 22.axb5 axb5 23.Ra7
Qd8 24.Qc3 b4 25.Qc2 Nb5 26.Ra6 Qc8 27.Ra2 f5 28.Ndc4 Nxc4 29.Nxc4 fxe4 30.Ba1
Re7 31.g4 Qb7 32.Rxe4 Qxd5 33.Bf3 Rxe4 34.Bxe4 Qf7 35.Qd3 Re8 36.Bd5 Be6
37.Bc6 Bxc4 38.bxc4 Re1+ 39.Kg2 Nc7 40.Qxd6 Bf8 41.Qd2 Re6 42.Bf3 Bg7 43.Ra7
Bxa1 44.Rxa1 Re7 45.Ra7 Ne6 46.Ra8+ Kg7 47.Bd5 Nf4+ 48.Kg3 Nxd5 49.cxd5 Qf6
50.d6 Rd7 51.Ra6 b3 52.g5 Qd4 53.Qxd4+ cxd4 54.Rb6 Kf7 55.Kf4 Ke6 56.Ke4 Rxd6
57.Rxb3 d3 58.Rxd3 Rxd3 59.Kxd3 Kf5 60.h4 Kf4 61.Kd4 Kf3 62.Ke5 Kxf2 63.Kf4
Ke2 64.Ke4 Kf2 65.Kf4 {#d} 1/2-1/2

[Event "Zt"]
[Site "masterchessopen.com - Granma (Cuba)"]
[Round "0"]
[White "Garcia Gonzales Guillermo (CUB)"]
[Black "Hernandez Galeana Santiago (MEX)"]
[Result "1-0"]
[WhiteElo "2510"]
[BlackElo "2049"]

1.d4 Nf6 2.Nf3 e6 3.c4 c5 4.d5 exd5 5.cxd5 d6 6.Nc3 g6 7.e4 Bg7 8.Be2 O-O
9.O-O Re8 10.Nd2 Na6 11.Kh1 Nc7 12.a4 b6 13.f3 Rb8 14.Nc4 Ba6 15.Bg5 h6 16.Bh4
Qd7 17.Re1 Bxc4 18.Bxc4 a6 19.Bf1 Nh5 20.Qd2 g5 21.Bf2 Be5 22.g3 b5 23.axb5
Nxb5 24.Ne2 Nc7 25.Ra2 Rb3 26.f4 gxf4 27.gxf4 Bg7 28.Bg2 Reb8 29.e5 dxe5
30.fxe5 Bxe5 31.Rg1 Bg7 32.Bxc5 Rxb2 33.Rxb2 Rxb2 34.Qd1 Qg4 35.Nd4 Qg5 36.Nc6
Kh8 37.Be7 Nf6 38.d6 Ng4 39.Qf3 Qh5 40.h3 Nf2+ 41.Kh2 Qxf3 42.Bxf3 Ne4+ 43.Rg2
Nxd6 44.Rxb2 Bxb2 45.Bxd6 Nb5 46.Bf4 Kg7 47.Be2 Bf6 48.Nb8 Nd4 49.Bxa6 Ne6
50.Bd6 Nf8 51.Bc4 Ng6 52.Nc6 Bc3 53.Kg3 Be1+ 54.Kg4 Bc3 55.Bb3 Bf6 56.Bc7 Bc3
57.Nd8 Be5 58.Bxe5+ Nxe5+ 59.Kf5 Nf3 60.Bd5 {#r} 1-0

[Event "Ch Ukraine"]
[Site "masterchessopen.com - Nikolaev (Ukraine)"]
[Round "0"]
[White "Karpman Vadim (UKR)"]
[Black "Kalinin Oleg (UKR)"]
[Result "1/2-1/2"]
[WhiteElo "2382"]
[BlackElo "2354"]

1.d4 Nf6 2.c4 c5 3.d5 g6 4.Nc3 Bg7 5.e4 d6 6.Nf3 O-O 7.Be2 e6 8.O-O exd5
9.cxd5 Re8 10.Nd2 Na6 11.a4 Nc7 12.f3 b6 13.Nc4 Ba6 14.Bg5 h6 15.Be3 Bxc4
16.Bxc4 a6 17.Kh1 Nd7 18.Qd2 Kh7 19.Rab1 Rb8 20.b4 b5 21.Be2 c4 22.Bd4 Nf6
23.a5 Re7 24.Rbe1 Qh8 25.Bd1 Nce8 26.f4 Nd7 27.Bxg7 Nxg7 28.Bc2 Rbe8 29.e5
dxe5 30.f5 Nxf5 31.Rxf5 gxf5 32.Bxf5+ Kg7 33.d6 Re6 34.Ne4 Qf8 35.Rd1 Rc8
36.Qe2 Kh8 37.Rf1 Qe8 38.Qh5 c3 39.Bxe6 Qxe6 40.Ng5 Qg6 41.Nxf7+ Kg7 42.Qh3 c2
43.Qxd7 c1=Q 44.Nxe5+ Kg8 45.Qxc8+ Qxc8 46.Nxg6 Qc4 47.Ne7+ Kh7 48.Kg1 Qxb4
49.h3 Qc5+ 50.Kh1 Qxd6 {#d} 1/2-1/2

[Event "Match \"]
[Site "masterchessopen.com - Sevilla (Spain)"]
[Round "0"]
[White "Polugaevsky Lev A (RUS)"]
[Black "Martin Andrew D (ENG)"]
[Result "1-0"]
[WhiteElo "2595"]
[BlackElo "2375"]

1.d4 Nf6 2.c4 c5 3.d5 e6 4.Nc3 exd5 5.cxd5 d6 6.Nf3 g6 7.Nd2 Bg7 8.e4 O-O
9.Be2 Re8 10.O-O Na6 11.Kh1 Rb8 12.f3 Nc7 13.a4 b6 14.Nc4 Ba6 15.Bg5 h6 16.Be3
Qd7 17.Qd2 Bxc4 18.Bxc4 Kh7 19.Rab1 a6 20.b4 b5 21.Bd3 c4 22.Bc2 bxa4 23.Bxa4
Nb5 24.Bd4 Re7 25.Bxb5 axb5 26.Ra1 Qe8 27.Ra6 Qh8 28.Ne2 Qd8 29.Rfa1 Re8
30.Qf4 Qe7 31.Qxd6 Qxd6 32.Rxd6 Nxe4 33.fxe4 Bxd4 34.Nxd4 Rxe4 35.Nf3 c3
36.Rc6 Rd8 37.Rd1 Rxb4 38.Rxc3 Re4 39.Kg1 b4 40.Rc7 Kg7 41.Rb7 Rd6 42.Nd4 Re5
43.Rf1 {#r} 1-0

[Event "It (open)"]
[Site "masterchessopen.com - Bad Woerishofen (Germany)"]
[Round "0"]
[White "Sonntag Hans-Hubert (GER)"]
[Black "Garcia Palermo Carlos (ITA)"]
[Result "1/2-1/2"]
[WhiteElo "2385"]
[BlackElo "2505"]

1.d4 Nf6 2.c4 e6 3.Nc3 c5 4.d5 exd5 5.cxd5 d6 6.e4 g6 7.Be2 Bg7 8.Nf3 O-O
9.O-O Re8 10.Nd2 Na6 11.Qc2 Rb8 12.a3 Nc7 13.a4 b6 14.Nc4 Ba6 15.Re1 Bxc4
16.Bxc4 a6 17.Bf4 b5 18.axb5 axb5 19.Bf1 b4 20.Na4 b3 21.Qb1 Rb4 22.Nc3 Nfxd5
23.Nxd5 Nxd5 24.Bd2 Rd4 25.Ba5 Nc7 26.Bc3 Ne6 27.Bb5 Rf8 28.Bxd4 Nxd4 29.Bd3
Be5 30.Re3 Qf6 31.Ra7 Qe6 32.Qf1 Nc2 33.Rf3 Nd4 34.Rh3 g5 35.Bc4 Qg6 36.Re3
Bf4 37.Re1 g4 38.h3 gxh3 39.Kh1 hxg2+ 40.Qxg2 Kh8 41.Qxg6 fxg6 42.Kg2 Nc6
43.Rf7 Rxf7 44.Bxf7 Be5 45.Rb1 Nd4 46.Bd5 Kg7 47.Ra1 h5 48.Ra7+ Kf6 49.Rb7 Kg5
50.Bxb3 Nxb3 51.Rxb3 Kf4 52.f3 g5 53.Rb8 Ke3 54.b3 g4 55.fxg4 hxg4 56.Rg8 g3
57.Rc8 Kf4 58.Rc7 Kxe4 59.b4 cxb4 60.Rc4+ Ke3 61.Rxb4 d5 62.Rb1 d4 63.Re1+ Kf4
64.Rd1 Kg4 {#d} 1/2-1/2

[Event "Bundesliga 1987/88 (2nd)"]
[Site "masterchessopen.com - Germany"]
[Round "0"]
[White "Raedeker Bernd (GER)"]
[Black "Wallinger Manfred (GER)"]
[Result "1/2-1/2"]
[WhiteElo "2229"]
[BlackElo "2150"]

1.d4 Nf6 2.c4 c5 3.d5 e6 4.Nc3 exd5 5.cxd5 d6 6.Nf3 g6 7.Nd2 Bg7 8.e4 O-O
9.Be2 Re8 10.O-O Na6 11.Re1 Nc7 12.a4 b6 13.Ra3 {#d} 1/2-1/2

[Event "corr."]
[Site "masterchessopen.com - Germany"]
[Round "0"]
[White "Fecht Hans-Peter (GER)"]
[Black "Wallinger Manfred (GER)"]
[Result "1/2-1/2"]
[WhiteElo "2197"]
[BlackElo "2150"]

1.d4 Nf6 2.Nf3 e6 3.c4 c5 4.d5 exd5 5.cxd5 d6 6.Nc3 g6 7.Nd2 Bg7 8.e4 O-O
9.Be2 Re8 10.O-O Na6 11.Kh1 Nc7 12.f3 b6 13.a4 Rb8 14.Nc4 Ba6 15.Bg5 Bxc4
16.Bxc4 a6 17.Qd3 Qc8 18.Bf4 Bf8 19.Rab1 Nd7 20.b4 Rd8 21.bxc5 Nxc5 22.Qd2 Qd7
23.Bb3 Bg7 24.Bh6 b5 25.Bxg7 Kxg7 26.axb5 Nxb5 27.Ba4 Nxa4 28.Nxa4 Rdc8
29.Rfc1 Rb7 30.h3 Rbc7 31.Nb6 Rxc1+ 32.Rxc1 Rxc1+ 33.Qxc1 Qc7 34.Qxc7 Nxc7
35.Nc4 Nb5 36.Kg1 f5 {#d} 1/2-1/2

[Event "Ch URS (qual)"]
[Site "masterchessopen.com - Uzhgorod (Ukraine)"]
[Round "0"]
[White "Temirbaev Serik (KAZ)"]
[Black "Ruban Vadim (RUS)"]
[Result "1/2-1/2"]
[WhiteElo "2406"]
[BlackElo "2395"]

1.d4 Nf6 2.c4 e6 3.Nf3 c5 4.d5 exd5 5.cxd5 d6 6.Nc3 g6 7.e4 Bg7 8.Be2 O-O
9.O-O Re8 10.Nd2 Na6 11.a4 Nb4 12.Re1 b6 13.Ra3 Qe7 14.Nc4 Ba6 15.Bf1 Bxc4
16.Bxc4 a6 17.Bf1 Qe5 18.f3 Nfxd5 19.Nxd5 Nxd5 20.Rd3 Nb4 21.Rxd6 Bf8 22.Rd7
c4 23.Be3 b5 24.Qd2 Qe6 25.Rd1 Nd3 26.Rd5 Nb4 27.Rd7 Nd3 28.Rd5 Rad8 29.Rxd8
Rxd8 30.axb5 axb5 31.Qa5 Qd7 32.b3 Bh6 33.Bf2 Bg7 34.bxc4 bxc4 35.Qb6 Ra8
36.Qb1 Rd8 37.Qb6 Be5 38.g3 Rb8 39.Qa6 Bd4 40.Qxc4 Bxf2+ 41.Kh1 Bxg3 {#d}
1/2-1/2

[Event "It (open)"]
[Site "masterchessopen.com - Alicante (Spain)"]
[Round "0"]
[White "Garcia Ilundain David (ESP)"]
[Black "Gallego Jimenez Victoriano (ESP)"]
[Result "1/2-1/2"]
[WhiteElo "2440"]
[BlackElo "2390"]

1.d4 Nf6 2.Nf3 e6 3.c4 c5 4.d5 d6 5.Nc3 exd5 6.cxd5 g6 7.e4 Bg7 8.Nd2 O-O
9.Be2 Na6 10.O-O Re8 11.Kh1 Nc7 12.a4 b6 13.f3 Rb8 14.Nc4 Ba6 15.Bg5 Bxc4
16.Bxc4 h6 17.Bh4 a6 18.Qd3 Qc8 19.Bg3 Rd8 20.Rac1 Nh5 21.Be1 Qb7 22.Qd2 b5
23.axb5 axb5 24.Be2 b4 25.Nd1 Nb5 26.Ne3 Nd4 27.Bd1 Nf6 28.Nc4 Qa6 29.Rg1 Nd7
30.Bg3 Nf6 31.Qd3 Nh5 32.Be1 {#d} 1/2-1/2

[Event "Ch Club URS (team) (1/2 final)"]
[Site "masterchessopen.com - Roslavl (Russia)"]
[Round "0"]
[White "Alekseev Andrey (RUS)"]
[Black "Sadriev Tagir (RUS)"]
[Result "1-0"]
[WhiteElo "2340"]
[BlackElo "2244"]

1.d4 Nf6 2.c4 c5 3.d5 g6 4.Nc3 Bg7 5.e4 d6 6.Be2 e6 7.Nf3 exd5 8.cxd5 O-O
9.O-O Re8 10.Nd2 Na6 11.Qc2 Nc7 12.a4 b6 13.Nc4 Ba6 14.Rb1 Bxc4 15.Bxc4 Ng4
16.h3 Ne5 17.Be2 g5 18.b4 cxb4 19.Rxb4 Qf6 20.Bd2 Qg6 21.f4 gxf4 22.Rxf4 Qg3
23.Rb3 Ng6 24.Rf3 Qe5 25.Kh1 Rac8 26.Rf5 Qd4 27.Qc1 Na6 28.Qd1 Rxe4 29.Nxe4
Qxe4 30.Rg5 Qxa4 31.Bb5 Qd4 32.Rd3 Qc5 33.Bc6 Nc7 34.Be3 Qc4 35.Rg4 Qa2 36.Ra4
Qb2 37.Rb3 Qf6 38.Rxa7 Ne5 39.Bd4 Qf4 40.Be3 Qc4 41.Ra4 Qxa4 42.Bxa4 Ra8 {#r}
1-0

[Event "It (b)"]
[Site "masterchessopen.com - Belgrade (Yugoslavia)"]
[Round "0"]
[White "Vasiljevic Dragan (SRB)"]
[Black "Gruic Lazar (SRB)"]
[Result "1/2-1/2"]
[WhiteElo "2280"]
[BlackElo "2303"]

1.d4 Nf6 2.c4 c5 3.d5 g6 4.Nc3 d6 5.e4 Bg7 6.Nf3 O-O 7.Be2 e6 8.Nd2 exd5
9.cxd5 Re8 10.O-O Na6 11.Re1 Nc7 12.a4 Rb8 13.Bf1 b6 14.Nb5 a6 15.Na7 Bb7
16.Nc6 Bxc6 17.dxc6 d5 18.e5 Ne4 19.Nf3 Re6 20.Qc2 Qe8 21.Bd3 Qxc6 22.Bxe4
dxe4 23.Rxe4 Rbe8 24.Bf4 Nd5 25.Bg3 Nb4 26.Qe2 h6 27.h4 Rd8 28.h5 g5 29.Re3
Qd5 30.b3 Nd3 31.Rb1 b5 32.axb5 axb5 33.Ne1 Nxe1 34.Rxe1 c4 35.bxc4 bxc4
36.Rc1 Rc8 37.Rd1 Qb7 38.Rc3 Qb5 39.Qg4 {#d} 1/2-1/2

[Event "It \"]
[Site "masterchessopen.com - Gausdal (Norway)"]
[Round "0"]
[White "David Edwin (NOR)"]
[Black "Stein Bernd (GER)"]
[Result "0-1"]
[WhiteElo "2261"]
[BlackElo "2340"]

1.d4 Nf6 2.Nf3 e6 3.c4 c5 4.d5 exd5 5.cxd5 d6 6.Nc3 g6 7.e4 Bg7 8.Be2 O-O
9.O-O Re8 10.Nd2 Na6 11.Qc2 Rb8 12.h3 Nc7 13.a4 b6 14.Nc4 Ba6 15.Bf4 Bxc4
16.Bxc4 a6 17.Qd3 Qd7 18.Qf3 b5 19.axb5 axb5 20.Bb3 c4 21.Bc2 Ra8 22.Bg5 Qe7
23.Rae1 h6 24.Bh4 b4 25.Ne2 Nb5 26.Qe3 Nxd5 27.Qg3 Nf6 28.f4 Qa7+ 29.Kh1 Nxe4
30.Bxe4 Rxe4 31.f5 Be5 32.Nf4 Rxe1 33.Rxe1 Qd4 34.Qf3 Rf8 35.Re4 Qxb2 36.fxg6
fxg6 37.Qg4 Qb1+ 38.Re1 Qf5 {#R} 0-1

[Event "Ch Yugoslavia (qual)"]
[Site "masterchessopen.com - Kladovo (Yugoslavia)"]
[Round "0"]
[White "Orel Oskar (SLO)"]
[Black "Ademi Sami (SRB)"]
[Result "1/2-1/2"]
[WhiteElo "2305"]
[BlackElo "2249"]

1.d4 Nf6 2.c4 c5 3.d5 e6 4.Nc3 exd5 5.cxd5 d6 6.e4 g6 7.Nf3 Bg7 8.Nd2 O-O
9.Be2 Re8 10.O-O Na6 11.a3 Nc7 12.a4 b6 13.Re1 a6 14.f3 Nh5 15.Nc4 Bd4+ 16.Be3
Bxe3+ 17.Nxe3 Rb8 18.Qd2 b5 19.Bf1 {#d} 1/2-1/2

[Event "Tournament"]
[Site "masterchessopen.com - Canada"]
[Round "9"]
[White "Evans Bill (CAN)"]
[Black "Vranesic Zvonko (CAN)"]
[Result "0-1"]
[WhiteElo "2061"]
[BlackElo "2320"]

1.d4 Nf6 2.c4 c5 3.d5 d6 4.Nc3 g6 5.e4 Bg7 6.Nf3 O-O 7.Be2 e6 8.O-O exd5
9.cxd5 Re8 10.Nd2 Na6 11.Qc2 Nc7 12.a4 b6 13.Nc4 Ba6 14.Bg5 Bxc4 15.Bxc4 a6
16.Rfe1 h6 17.Bh4 g5 18.Bg3 Nh5 19.Re3 Nxg3 20.Rxg3 b5 21.Bf1 Qe7 22.Re3 Bd4
23.Re2 Qf6 24.Nd1 Qg6 25.Ra3 Re7 26.Kh1 Rae8 27.axb5 axb5 28.Ra7 Nxd5 29.Rxe7
Rxe7 30.g3 Nb4 31.Qb1 d5 32.Bg2 Qh5 33.Rd2 f5 34.Nc3 Qe8 35.Rd1 dxe4 36.h4
gxh4 37.Qc1 Qh5 38.Nxb5 hxg3+ 39.Kg1 gxf2+ 40.Kf1 e3 {#R} 0-1

[Event "Ch Germany (juniors) (under 20)"]
[Site "masterchessopen.com - Karlsruhe (Germany)"]
[Round "5"]
[White "Gerigk Erasmus (GER)"]
[Black "Meissner Bernd-Guenther (GER)"]
[Result "1/2-1/2"]
[WhiteElo "2346"]
[BlackElo "2385"]

1.d4 Nf6 2.c4 c5 3.d5 e6 4.Nc3 exd5 5.cxd5 d6 6.e4 g6 7.Nf3 Bg7 8.Be2 O-O
9.Nd2 Re8 10.O-O Na6 11.Re1 Nc7 12.Qc2 Rb8 13.a4 b6 14.Nc4 Ba6 15.Bf4 Bxc4
16.Bxc4 Nh5 17.Be3 a6 18.Be2 Nf6 19.Rab1 b5 20.axb5 Nxb5 21.Bxb5 axb5 22.f3 b4
23.Nd1 Re7 24.Bg5 h6 25.Bh4 Ra7 26.Ne3 Qd7 27.Nc4 Ra6 28.Ra1 Qa7 29.Rxa6 Qxa6
30.Bg3 b3 31.Qc1 Nh5 32.e5 Nxg3 33.hxg3 dxe5 34.d6 Rd8 35.Rd1 Bf8 36.Qc3 Bxd6
37.Qxb3 Bc7 38.Rxd8+ Bxd8 39.Nxe5 Qf6 40.Qd5 Bc7 41.Nd7 Qd6 42.Qxd6 Bxd6 43.g4
f5 44.gxf5 gxf5 45.g4 fxg4 46.fxg4 Kf7 47.Kg2 Ke6 48.Nxc5+ {#d} 1/2-1/2

[Event "Extra League 1992/93"]
[Site "masterchessopen.com - Czech Republic"]
[Round "0"]
[White "Zvara Petr (CZE)"]
[Black "Knazovcik Ladislav (CZE)"]
[Result "0-1"]
[WhiteElo "2290"]
[BlackElo "2257"]

1.d4 Nf6 2.c4 c5 3.d5 e6 4.Nc3 exd5 5.cxd5 d6 6.e4 g6 7.Be2 Bg7 8.Nf3 O-O
9.O-O Re8 10.Nd2 Na6 11.Re1 Rb8 12.Bf1 Nc7 13.a4 a6 14.Nc4 b5 15.axb5 axb5
16.Na5 Bd7 17.Nc6 Bxc6 18.dxc6 b4 19.Nd5 Nfxd5 20.exd5 Rxe1 21.Qxe1 Nxd5
22.Qd1 Bd4 23.Qf3 Qf6 24.Ra7 Qxf3 25.gxf3 Rc8 26.Bc4 Nc7 27.Bf4 Ne6 28.Bh6 Bf6
29.f4 Nc7 30.Bf1 Bxb2 31.Bh3 f5 32.Bg5 Kf7 33.Bd8 Rxd8 34.Rxc7+ Ke6 35.Bf1 d5
36.Rxh7 c4 37.Rb7 b3 38.h4 Rc8 39.h5 gxh5 40.c7 Bd4 {#R} 0-1

[Event "Ch Germany (juniors) (under 17)"]
[Site "masterchessopen.com - Halle (Germany)"]
[Round "0"]
[White "Kleschtschow Juri (GER)"]
[Black "Fischer Markus (GER)"]
[Result "0-1"]
[WhiteElo "2105"]
[BlackElo "2255"]

1.d4 Nf6 2.Nf3 e6 3.c4 c5 4.d5 exd5 5.cxd5 d6 6.Nc3 g6 7.e4 Bg7 8.Be2 O-O
9.O-O Re8 10.Nd2 Na6 11.a4 Nc7 12.f3 b6 13.Nc4 Ba6 14.Bg5 Bxc4 15.Bxc4 h6
16.Be3 Qd7 17.Qd3 a6 18.h3 Kh7 19.f4 Nxe4 20.Nxe4 Qe7 21.Nxd6 Qxd6 22.Rae1 f5
23.b3 Rab8 24.Bxa6 Nxa6 25.Qxa6 Rxe3 26.Rxe3 Bd4 27.Rf3 Re8 28.Qd3 Rxe3
29.Rxe3 Qxf4 30.Kh1 Qxe3 31.Qd1 Qe5 32.Qf3 Qe1+ {#R} 0-1

[Event "Ch Hungary (team) 1992/93"]
[Site "masterchessopen.com - Hungary"]
[Round "0"]
[White "Navarovszky Laszlo (HUN)"]
[Black "Szieberth Adam (HUN)"]
[Result "1/2-1/2"]
[WhiteElo "2280"]
[BlackElo "2347"]

1.d4 Nf6 2.c4 c5 3.d5 e6 4.Nc3 exd5 5.cxd5 d6 6.e4 g6 7.Nf3 Bg7 8.Be2 O-O
9.Nd2 Re8 10.O-O Na6 11.Kh1 Nc7 12.a4 a6 13.f3 Rb8 14.a5 Nd7 15.Nc4 Ne5 16.Nb6
Nd7 17.Nc4 Ne5 18.Bf4 Nxc4 19.Bxc4 b5 20.axb6 Rxb6 21.Ra2 Bd7 22.Qd3 Bb5
23.Na4 Bxc4 24.Qxc4 Rb4 25.Qc1 Qd7 26.Nc3 Reb8 27.Re1 Rc4 28.Bg3 h5 29.Qd2
{#d} 1/2-1/2

[Event "Ch France (open) (a)"]
[Site "masterchessopen.com - Nantes (France)"]
[Date "1993.08.22"]
[Round "6"]
[White "Dumitran Octavian (FRA)"]
[Black "Mariette Christian (FRA)"]
[Result "1-0"]
[WhiteElo "2179"]
[BlackElo "2100"]

1.d4 Nf6 2.c4 c5 3.d5 e6 4.Nc3 exd5 5.cxd5 d6 6.Nf3 g6 7.Nd2 Bg7 8.e4 O-O
9.Be2 Re8 10.O-O Na6 11.Qc2 Nc7 12.a4 Nfxd5 13.exd5 Bxc3 14.Qxc3 Rxe2 15.Nc4
Qh4 16.Nxd6 Nxd5 17.Qf3 Qe7 18.Qxd5 Re5 19.Nxc8 Rxc8 20.Qc4 Re4 21.Qc3 f5
22.a5 f4 23.Ra4 Rxa4 24.Qb3+ c4 25.Qxa4 f3 26.Qd1 fxg2 27.Re1 Rd8 28.Bd2 Qd6
29.Re2 Qc6 30.Qe1 h5 31.Re6 Qd7 32.Bc3 Qf7 33.Qe4 {#r} 1-0

[Event "It (open) \"]
[Site "masterchessopen.com - Spain"]
[Round "9"]
[White "Kolev Atanas (BUL)"]
[Black "Vehi Bach Victor M (ESP)"]
[Result "1-0"]
[WhiteElo "2495"]
[BlackElo "2455"]

1.d4 Nf6 2.Nf3 e6 3.c4 c5 4.d5 d6 5.Nc3 exd5 6.cxd5 g6 7.Nd2 Bg7 8.e4 O-O
9.Be2 Re8 10.O-O Na6 11.a4 Nb4 12.f4 b6 13.Kh1 a6 14.Bf3 Nd3 15.Nc4 Nxc1
16.Rxc1 Rb8 17.e5 dxe5 18.fxe5 Nd7 19.e6 Ne5 20.Nxe5 Bxe5 21.Qe2 Bxc3 22.Rxc3
fxe6 23.Re3 Qd6 24.dxe6 Bb7 25.Rd1 Bxf3 26.Qxf3 Qf8 27.Qe2 b5 28.a5 c4 29.Rd7
b4 30.Rf3 Qh6 31.Qxc4 Rbc8 32.Rc7 {#r} 1-0

[Event "Staatsliga B East 1994/95"]
[Site "masterchessopen.com - Austria"]
[Round "0"]
[White "Sukopp Karl (AUT)"]
[Black "Froschauer Hans (AUT)"]
[Result "1/2-1/2"]
[WhiteElo "1983"]
[BlackElo "2118"]

1.d4 d6 2.c4 g6 3.Nc3 Bg7 4.e4 Nf6 5.Be2 O-O 6.Nf3 c5 7.d5 e6 8.O-O exd5
9.cxd5 Re8 10.Nd2 Na6 11.Re1 Nc7 12.a4 Rb8 13.Bf1 Qe7 14.Nc4 Ng4 15.h3 Ne5
16.Ne3 Bh6 17.Nf5 gxf5 18.Bxh6 Qh4 19.Qd2 f6 20.Qf4 Qxf4 21.Bxf4 Kg7 22.Bh2
Bd7 23.f4 Nf7 24.exf5 Bxf5 25.Kf2 a6 26.Rxe8 Rxe8 27.Re1 Rxe1 28.Kxe1 b6 29.g4
Bd7 30.Bg2 h6 31.b3 f5 32.Bf3 Ne8 33.Kf2 Nf6 34.Kg3 b5 35.axb5 axb5 36.Nd1 Kg6
37.Bg1 Nd8 38.Ne3 Nb7 39.gxf5+ Bxf5 40.Nxf5 Kxf5 41.Be3 b4 42.Bc1 Na5 43.Bd1
Nxd5 44.Bc2+ Kf6 45.Kg4 Nc6 46.Be4 Nce7 47.f5 Nc3 48.Bd3 h5+ 49.Kxh5 Nxf5
50.Kg4 Ng7 51.h4 d5 52.h5 Nxh5 53.Kxh5 Ke5 54.Be3 {#d} 1/2-1/2

[Event "It (open)"]
[Site "masterchessopen.com - Ano Liosia (Greece)"]
[Round "4"]
[White "Skembris Spyridon (GRE)"]
[Black "Tringov Georgi P (BUL)"]
[Result "1-0"]
[WhiteElo "2420"]
[BlackElo "2395"]

1.d4 Nf6 2.c4 c5 3.d5 e6 4.Nc3 exd5 5.cxd5 d6 6.e4 g6 7.Nf3 Bg7 8.Be2 O-O
9.O-O Re8 10.Nd2 Na6 11.Re1 Nc7 12.a4 b6 13.Rb1 Ba6 14.Bxa6 Nxa6 15.Nc4 Nc7
16.Bf4 Bf8 17.Bg5 h6 18.Bh4 Kg7 19.Qf3 g5 20.Bg3 Ng8 21.Rbd1 f6 22.h4 Qd7
23.Qh5 Red8 24.hxg5 hxg5 25.e5 dxe5 26.Nxe5 Qe8 27.Qf3 Nxd5 28.Nxd5 fxe5
29.Bxe5+ {#r} 1-0